000
00210 a2200109 4500
001
34635
090
_c
22918
_d
22918
100
_a
Allen, Mitch
245
_a
Hands on JAVA Beans
260
_a
ND
_b
BPB
505
_a
CD/DVD
942
_a
NUST-CAE
999
_c
269708
_d
269708